书目信息 |
| 题名: |
北大西洋诸岛
|
|
| 作者: | 辛生 著 | |
| 分册: | ||
| 出版信息: | 北京 海洋出版社 1980 |
|
| 页数: | 108页 | |
| 开本: | 19cm | |
| 丛书名: | 海洋知识丛书 | |
| 单 册: | ||
| 中图分类: | P725.1 , K991 | |
| 科图分类: | ||
| 主题词: | 岛屿-北大西洋 , 地图 | |
| 电子资源: | ||
| ISBN: | ||
| 000 | 00722nam2 2200289 45 | |
| 001 | 1560626493 | |
| 005 | 20150126165125.39 | |
| 010 | @dCNY0.38 | |
| 091 | @aCN@b12193.0029 | |
| 100 | @a19950317d1980 em y0chiy0121 ea | |
| 101 | 0 | @achi |
| 102 | @aCN@b110000 | |
| 105 | @af z 000yy | |
| 200 | 10 | @a北大西洋诸岛@Abei da xi yang zhu dao@f辛生著 |
| 210 | @a北京@c海洋出版社@d1980 | |
| 215 | @a108页@c插图@d19cm | |
| 225 | 2 | @a海洋知识丛书 |
| 410 | 0 | @120010@a海洋知识丛书 |
| 606 | @a岛屿-北大西洋 | |
| 606 | 0 | @a地图 |
| 607 | @a北大西洋-岛屿 | |
| 690 | @aP725.1@v3 | |
| 690 | @aK991@v4 | |
| 701 | 0 | @a辛生@Axin sheng@4著 |
| 801 | 0 | @aCN@bTSSF@c20150126 |
| 801 | 2 | @aCN@bNLC |
| 905 | @aZUCC@dK991@eJY17 | |
| 北大西洋诸岛/辛生著.-北京:海洋出版社,1980 |
| 108页:插图;19cm.-(海洋知识丛书) |
| ISBN :CNY0.38 |
| ● |
| 相关链接 |
|
|
|
|
正题名:北大西洋诸岛
索取号:K991/JY17
 
预约/预借
| 序号 | 登录号 | 条形码 | 馆藏地/架位号 | 状态 | 备注 |
| 1 | 7838412 | 278384124 | 学院路分馆/ [索取号:K991/JY17] | 在馆 | |
| 2 | 7838413 | 278384133 | 学院路分馆/ [索取号:K991/JY17] | 在馆 | |
| 3 | 7838414 | 278384142 | 学院路分馆/ [索取号:K991/JY17] | 在馆 | |
| 4 | 7838415 | 278384151 | 学院路分馆/ [索取号:K991/JY17] | 在馆 |